000 00689nam a2200265Ia 4500
005 20260121170030.0
008 008 260114s9999 xx 000 0 eng d
020 _a9781610917131
037 _aEBOOK
040 _aCRL
040 _beng
040 _cCRL
041 _2eng
041 _aeng
084 _qCRL
100 _aAndrew James Hansen, William B. Monahan, David M. Theobald, S. Thomas Olliff
_91058978
245 0 _aClimate Change in Wildlands
260 _bSpringer
260 _bSpringer
260 _c2016
856 _uhttps://link.springer.com/openurl?genre=book&isbn=978-1-61091-713-1
942 _cEBOOK
999 _c1624707
_d1624707